000
00244nam a22001097a 4500
082
_a
620.28 AND'A
100
_a
ANDREWS, ALAN
_9
57457
245
_a
ABC'S OF ULTRASONIC
260
_a
NEWYORK
_b
HOWARD W. SAMS
_c
1961
300
_a
96P
942
_c
BK
999
_c
567735
_d
567735